000 00667nam a2200181 a 4500
001 000017091
005 20250924073801.0
008 100317s1949 dr 001 0 spa d
040 _aDO-SdBNP
_bspa
_cBNPHU
082 _axxxx
_bP725e
100 1 _aPieter., H.
_923017
245 1 3 _aUn ensayo de divulgación científica sobre la naturaleza del cancer /.
260 _aCiudad Trujillo, República Dominicana :
_bUniversidad Autónoma de Santo Domingo,
_c1949.
300 _a23 p. ;
_c23 cm.
490 1 _aPublicaciones de la Universidad Autónoma de Santo Domingo
_v65
830 _aPublicaciones de la Universidad Autónoma de Santo Domingo
_v65
_952
049 _aBNPD
999 _c16617
_d16617